Modely DCF a identifikácia determinujúcich veličín pomerových ukazovateľov trhovej hodnoty podniku

Prezentácia modelov diskontovaného cash flow (DCF) a možnosti ich využitia pri správnom odhade vysvetľujúcich veličín do regresného modelu, v ktorom ako vysvetľovaná veličina vystupuje pomerový ukazovateľ trhovej hodnoty podniku. Najznámejšie a najčastejšie využívané ukazovatele – P/E, P/B a P/S. Št...

Ausführliche Beschreibung

Gespeichert in:
Bibliographische Detailangaben
1. Verfasser: Baumöhl, Eduard, 1982-
Weitere Verfasser: Kočkin, Peter
Format: Buchkapitel
Sprache:Slowakisch
Schlagworte:
Tags: Tag hinzufügen
Keine Tags, Fügen Sie das erste Tag hinzu!

MARC

LEADER 00000nla$a2200000$$$4500
001 0068857
005 20240502071831.7
041 0 |a slo 
044 |a SK 
245 1 0 |a Modely DCF a identifikácia determinujúcich veličín pomerových ukazovateľov trhovej hodnoty podniku  |c Eduard Baumöhl, Peter Kočkin 
520 |a Prezentácia modelov diskontovaného cash flow (DCF) a možnosti ich využitia pri správnom odhade vysvetľujúcich veličín do regresného modelu, v ktorom ako vysvetľovaná veličina vystupuje pomerový ukazovateľ trhovej hodnoty podniku. Najznámejšie a najčastejšie využívané ukazovatele – P/E, P/B a P/S. Štatisticky overený model, ktorý popíše vplyv fundamentálnych dát je možné jednoduchým spôsobom využívať pri investičnom rozhodovaní, pretože na jeho základe sa identifikujú nesprávne ocenené akcie na trhu, či už podhodnotené alebo nadhodnotené. 
610 2 0 |a cash flow 
610 2 0 |a trh finančný 
610 2 0 |a oceňovanie 
610 2 0 |a modely regresné 
610 2 0 |a podnik 
610 2 0 |a akcie 
610 2 0 |a ukazovatele pomerové 
610 2 0 |a hodnota trhová 
100 1 |a Baumöhl, Eduard, 1982- 
700 1 |a Kočkin, Peter